Doppler ultrasound in gynecology and obstetrics / (رقم التسجيلة. 21866)
[ عرض عادي ]
| 000 -الفاتح | |
|---|---|
| حقل البيانات ثابتة الطول | 01215cam a22003254a 4500 |
| 001 - رقم الضبط | |
| رقم الضبط | 13564594 |
| 003 - محدد رقم الضبط | |
| رقم الضبط | OSt |
| 005 - وقت وتاريخ اخر تعامل مع التسجيلة | |
| رقم الضبط | 20150408114019.0 |
| 008 - عناصر البيانات ثابتة الطول - معلومات عامة | |
| حقل البيانات ثابتة الطول | 040420s2004 gw a b 001 0 eng |
| 010 ## - رقم ضبط مكتبة الكونجرس | |
| رقم ضبط مكتبة الكونجرس | 2004271823 |
| 020 ## - الرقم الدولى المعيارى للكتب | |
| الرقم الدولى المعيارى للكتاب | 3131355913 (GTV) |
| 020 ## - الرقم الدولى المعيارى للكتب | |
| الرقم الدولى المعيارى للكتاب | 1588902617 (TNY) |
| 040 ## - مصدر الفهرسة | |
| وكالة الفهرسة الأصلية | DLC |
| وكالة النسخ | DLC |
| وكالة التعديل | DLC |
| 042 ## - رمز التحقق | |
| رمز التحقق | pcc |
| 050 00 - رقم طلب مكتبة الكونجرس | |
| رقم التصنيف | RG527.5.U48 |
| رقم المادة | D647 2004 |
| 082 00 - رقم تصنيف ديوى العشرى | |
| رقم التصنيف | 618.207543 |
| رقم الطبعة | 22 |
| 245 00 - بيان العنوان | |
| العنوان | Doppler ultrasound in gynecology and obstetrics / |
| بيان المسئوليه,etc | [edited by] Christof Sohn, Hans-Joachim Voigt, Klaus Vetter ; translated by Oliver French. |
| 260 ## - PUBLICATION, DISTRIBUTION, ETC. (IMPRINT) | |
| مكان الناشر او الموزع | Stuttgart ; |
| -- | New York : |
| اسم الناشر او الموزع | Thieme, |
| تاريخ النشر أو التوزيع | c2004. |
| 300 ## - الوصف المادى | |
| التعداد | xvi, 221 p. : |
| تفاصيل ماديه اخرى للوعاء | ill. (some col.) ; |
| أبعاد الوعاء | 28 cm. |
| 504 ## - تبصرة ببليوجرافية | |
| تبصرة ببليوجرافية,الخ | Includes bibliographical references and index. |
| 650 #0 - المدخل الاضافى بالموضوع-مصطلح موضوعى | |
| مصطلح موضوعي أو اسم جغرافي كعنصر مدخل | Doppler ultrasonography. |
| 9 (RLIN) | 10930 |
| 650 #0 - المدخل الاضافى بالموضوع-مصطلح موضوعى | |
| مصطلح موضوعي أو اسم جغرافي كعنصر مدخل | Ultrasonics in obstetrics. |
| 9 (RLIN) | 10931 |
| 650 #0 - المدخل الاضافى بالموضوع-مصطلح موضوعى | |
| مصطلح موضوعي أو اسم جغرافي كعنصر مدخل | Generative organs, Female |
| التقسيم الفرعي العام | Ultrasonic imaging. |
| 9 (RLIN) | 10932 |
| 650 #0 - المدخل الاضافى بالموضوع-مصطلح موضوعى | |
| مصطلح موضوعي أو اسم جغرافي كعنصر مدخل | Fetus |
| التقسيم الفرعي العام | Ultrasonic imaging. |
| 9 (RLIN) | 10933 |
| 700 1# - المدخل الاضافى - اسم شخصى | |
| الإسم الشخصى | Sohn, Christof. |
| 9 (RLIN) | 10934 |
| 700 1# - المدخل الاضافى - اسم شخصى | |
| الإسم الشخصى | Voigt, Hans-Joachim. |
| 9 (RLIN) | 10935 |
| 700 1# - المدخل الاضافى - اسم شخصى | |
| الإسم الشخصى | Vetter, Klaus, |
| العنوان والكلمات الأخرى المصاحبة للاسم | M.D. |
| 9 (RLIN) | 10936 |
| 942 ## - عناصر المدخل الإضافي( كوها) | |
| مصدر التصنيف او مخطط الترفيف | Dewey Decimal Classification |
| Koha [default] item type | كتاب |
| حالة الفقد | نموذج السعر الفعال | حالة تلف | ليس للاعارة | رقم الطلب | تاريخ الاكتساب | الموقع الحالي | الباركود | الفرع الرئيسي | Date last seen | نوع المادة فى نظام كوها | مصدر التصنيف او خطة الترفيف | Total Checkouts |
|---|---|---|---|---|---|---|---|---|---|---|---|---|
| 2013-03-10 | 618.207543 D O U | 2012-04-16 | مكتبة مجمع الطالبات بالمجمعة (EMF) | 00084011 | مكتبة مجمع الطالبات بالمجمعة (EMF) | 2013-03-10 | كتاب | Dewey Decimal Classification | ||||
| 2013-03-10 | 618.207543 D O U | 2012-04-16 | مكتبة مجمع الطالبات بالمجمعة (EMF) | 00084010 | مكتبة مجمع الطالبات بالمجمعة (EMF) | 2013-03-10 | كتاب | Dewey Decimal Classification | ||||
| 2013-03-10 | 618.207543 D O U | 2012-04-16 | مكتبة مجمع الطالبات بالمجمعة (EMF) | 00084009 | مكتبة مجمع الطالبات بالمجمعة (EMF) | 2013-03-10 | كتاب | Dewey Decimal Classification | ||||
| 2013-03-10 | 618.207543 D O U | 2012-04-16 | مكتبة مجمع الطالبات بالمجمعة (EMF) | 00088008 | مكتبة مجمع الطالبات بالمجمعة (EMF) | 2013-03-10 | كتاب | Dewey Decimal Classification |
